000 00993nam a2200277 4500
003 EG-GICUC
005 20260408151957.0
008 260408s1965 Fr |||f |||| 00| 0 Fre d
040 _a EG-GICUC
_bfre
_c EG-GICUC
_d EG-GICUC
_erda
082 0 4 _a341.33
_bH O . P
_221
092 0 4 _221
099 _aLaw1 11 341.33 H O . P 1965
100 1 _aHochepied Jean - Pierre De
_eAuteur
245 _aLa Protection Diplomatique Des Sociétés Et Des Actionnaires /
_cPar Jean - Pierre De Hochepied; Préface De M. Charles Rousseau.
264 _aParis:
_bLibrairie De La Cour D'Appel Et De l'Ordre Des Avocats,
_c1965.
300 _a275 Pages;
_c24 Cm.
336 _2rda content
_atext
337 _2rda media
_aComputer
338 _2rda carrier
_aOnline Resource
546 _aTexte en français
650 1 4 _aDroit international Public
700 1 _aRousseau Charles
_ePréfacier
856 4 0 _uhttps://fll.law.cu.edu.eg/fulltext/bks/B11-07463.pdf
905 _a64
942 _2ddc
_cBK
_e21
_n0
999 _c69756
_d69756